000 00641nam a2200181Ia 4500
008 090201s9999 xx 000 0 und d
010 _aKPL-65853
040 _bमराठी
041 _aमराठी
082 _a2418
_b65853
100 _aसंजय गाला
245 _aहृदयरोग टाळा व दीर्घायुषी बना
_cसंजय गाला
250 _a2
260 _c1991
_bजे एस् गाला प्रकाशन
300 _a155
_bमध्यम
600 _aहृदयरोग टाळा व दीर्घायुषी बना
942 _cBOOK
999 _c203514
_d203514